[Event "DEM U10 2021"]
[Site "Willingen GER"]
[Date "2021.08.26"]
[Round "6"]
[White "Zhang, Yibo"]
[Black "Stichter, Constantin"]
[Result "1-0"]
[Termination "normal"]
[Board "5"]
[WhiteElo "1313"]
[BlackElo "1444"]
[WhiteClock "00:13:48"]
[BlackClock "00:08:06"]
[PlyCount "73"]
[WhiteFideId "16287657"]
[BlackFideId "34603140"]
[EventCountry "GER"]
[EventRounds "11"]
[EventType "swiss"]
[EventDate "2021.08.22"]

1. e4 {[%clk 01:15:57]} {[%emt 00:00:02]} e6 {[%clk 01:15:54]} {[%emt
00:00:06]} 2. d4 {[%clk 01:16:18]} {[%emt 00:00:09]} d5 {[%clk 01:16:19]}
{[%emt 00:00:05]} 3. Bd3 {[%clk 01:16:45]} {[%emt 00:00:04]} dxe4 {[%clk
01:16:07]} {[%emt 00:00:43]} 4. Bxe4 {[%clk 01:17:06]} {[%emt 00:00:07]} Nf6
{[%clk 01:16:05]} {[%emt 00:00:32]} 5. Bf3 {[%clk 01:17:30]} {[%emt 00:00:07]}
c5 {[%clk 01:15:56]} {[%emt 00:00:37]} 6. Ne2 {[%clk 01:16:53]} {[%emt
00:01:08]} Nc6 {[%clk 01:15:08]} {[%emt 00:01:18]} 7. Bxc6+ {[%clk 01:16:46]}
{[%emt 00:00:37]} bxc6 {[%clk 01:14:50]} {[%emt 00:00:48]} 8. Bf4 {[%clk
01:16:09]} {[%emt 00:01:07]} Ba6 {[%clk 01:13:41]} {[%emt 00:01:38]} 9. c3
{[%clk 01:10:01]} {[%emt 00:06:39]} Be7 {[%clk 01:12:00]} {[%emt 00:02:11]} 10.
Be3 {[%clk 01:07:48]} {[%emt 00:02:42]} Nd5 {[%clk 01:08:52]} {[%emt 00:03:39]}
11. O-O {[%clk 01:07:24]} {[%emt 00:00:53]} O-O {[%clk 01:08:39]} {[%emt
00:00:42]} 12. Nd2 {[%clk 01:06:17]} {[%emt 00:01:38]} cxd4 {[%clk 01:07:54]}
{[%emt 00:01:15]} 13. Bxd4 {[%clk 01:04:49]} {[%emt 00:01:59]} c5 {[%clk
01:07:57]} {[%emt 00:00:29]} 14. Be3 {[%clk 01:04:52]} {[%emt 00:00:26]} Nxe3
{[%clk 01:08:17]} {[%emt 00:00:08]} 15. fxe3 {[%clk 01:05:18]} {[%emt
00:00:04]} Qd3 {[%clk 01:08:34]} {[%emt 00:00:13]} 16. Re1 {[%clk 01:04:50]}
{[%emt 00:00:58]} Qxe3+ {[%clk 01:07:40]} {[%emt 00:01:25]} 17. Kh1 {[%clk
01:04:47]} {[%emt 00:00:34]} Rfd8 {[%clk 01:05:52]} {[%emt 00:02:17]} 18. Nd4
{[%clk 01:04:27]} {[%emt 00:00:50]} Qg5 {[%clk 00:58:36]} {[%emt 00:07:47]} 19.
N4f3 {[%clk 01:03:37]} {[%emt 00:01:20]} Qh6 {[%clk 00:57:32]} {[%emt
00:01:33]} 20. Qa4 {[%clk 01:00:29]} {[%emt 00:03:39]} Bb7 {[%clk 00:56:24]}
{[%emt 00:01:39]} 21. Rad1 {[%clk 00:58:28]} {[%emt 00:02:30]} Bd5 {[%clk
00:50:15]} {[%emt 00:06:40]} 22. Rf1 {[%clk 00:52:08]} {[%emt 00:06:48]} Bd6
{[%clk 00:48:55]} {[%emt 00:01:51]} 23. c4 {[%clk 00:51:05]} {[%emt 00:01:33]}
Bb7 {[%clk 00:47:10]} {[%emt 00:02:13]} 24. Qc2 {[%clk 00:49:39]} {[%emt
00:01:59]} Bf4 {[%clk 00:45:58]} {[%emt 00:01:40]} 25. Ne4 {[%clk 00:45:10]}
{[%emt 00:05:00]} f5 {[%clk 00:45:40]} {[%emt 00:00:49]} 26. Nxc5 {[%clk
00:45:02]} {[%emt 00:00:38]} Bc6 {[%clk 00:40:07]} {[%emt 00:06:02]} 27. h3
{[%clk 00:41:17]} {[%emt 00:04:15]} Bd6 {[%clk 00:36:40]} {[%emt 00:03:56]} 28.
Nb3 {[%clk 00:38:46]} {[%emt 00:03:02]} Be4 {[%clk 00:35:42]} {[%emt 00:01:28]}
29. Qd2 {[%clk 00:34:44]} {[%emt 00:04:32]} Qf6 {[%clk 00:27:40]} {[%emt
00:08:31]} 30. Qe2 {[%clk 00:30:17]} {[%emt 00:04:58]} Rac8 {[%clk 00:27:01]}
{[%emt 00:01:09]} 31. Nbd4 {[%clk 00:26:07]} {[%emt 00:04:40]} a6 {[%clk
00:25:35]} {[%emt 00:01:55]} 32. a3 {[%clk 00:24:11]} {[%emt 00:02:27]} Bc5
{[%clk 00:24:08]} {[%emt 00:01:56]} 33. Nb3 {[%clk 00:23:40]} {[%emt 00:01:01]}
Bb6 {[%clk 00:23:43]} {[%emt 00:00:55]} 34. Rfe1 {[%clk 00:18:25]} {[%emt
00:05:45]} Kf7 {[%clk 00:17:15]} {[%emt 00:06:56]} 35. Rxd8 {[%clk 00:15:49]}
{[%emt 00:03:07]} Bxd8 {[%clk 00:12:50]} {[%emt 00:04:55]} 36. Nfd2 {[%clk
00:13:50]} {[%emt 00:02:30]} Qxb2 {[%clk 00:08:06]} {[%emt 00:05:14]} 37. Nxe4
{[%clk 00:13:48]} {[%emt 00:00:32]} 1-0

[Event "DEM U10 2021"]
[Site "Willingen GER"]
[Date "2021.08.26"]
[Round "6"]
[White "Shen, Tingrui"]
[Black "Rau, Eduard"]
[Result "0-1"]
[Termination "normal"]
[Board "6"]
[WhiteElo "1508"]
[BlackElo "1276"]
[WhiteClock "00:37:09"]
[BlackClock "01:17:08"]
[PlyCount "50"]
[WhiteFideId "34603441"]
[BlackFideId "16287231"]
[EventCountry "GER"]
[EventRounds "11"]
[EventType "swiss"]
[EventDate "2021.08.22"]

1. e4 {[%clk 01:15:55]} {[%emt 00:00:03]} e5 {[%clk 01:15:59]} 2. Nf3 {[%clk
01:16:11]} {[%emt 00:00:14]} Nc6 {[%clk 01:16:27]} {[%emt 00:00:04]} 3. Bc4
{[%clk 01:16:29]} {[%emt 00:00:12]} Nf6 {[%clk 01:16:52]} {[%emt 00:00:05]} 4.
O-O {[%clk 01:16:41]} {[%emt 00:00:17]} Nxe4 {[%clk 01:17:17]} {[%emt
00:00:06]} 5. Nc3 {[%clk 01:16:58]} {[%emt 00:00:12]} Nf6 {[%clk 01:17:21]}
{[%emt 00:00:26]} 6. d4 {[%clk 01:17:13]} {[%emt 00:00:16]} e4 {[%clk
01:17:24]} {[%emt 00:00:27]} 7. Ne5 {[%clk 01:17:01]} {[%emt 00:00:41]} d5
{[%clk 01:15:31]} {[%emt 00:02:24]} 8. Bb5 {[%clk 01:17:07]} {[%emt 00:00:23]}
Bd7 {[%clk 01:15:50]} {[%emt 00:00:11]} 9. Nxd7 {[%clk 01:15:43]} {[%emt
00:01:54]} Qxd7 {[%clk 01:16:14]} {[%emt 00:00:07]} 10. f3 {[%clk 01:15:00]}
{[%emt 00:01:12]} O-O-O {[%clk 01:16:14]} {[%emt 00:00:30]} 11. a4 {[%clk
01:09:19]} {[%emt 00:06:11]} Bb4 {[%clk 01:16:07]} {[%emt 00:00:38]} 12. a5
{[%clk 01:06:11]} {[%emt 00:03:38]} Qe6 {[%clk 01:16:18]} {[%emt 00:00:18]} 13.
a6 {[%clk 01:05:55]} {[%emt 00:00:46]} b6 {[%clk 01:15:22]} {[%emt 00:01:26]}
14. Ne2 {[%clk 00:59:09]} {[%emt 00:07:16]} Na5 {[%clk 01:14:15]} {[%emt
00:01:38]} 15. c3 {[%clk 00:56:15]} {[%emt 00:03:23]} Bd6 {[%clk 01:14:35]}
{[%emt 00:00:10]} 16. Bg5 {[%clk 00:50:00]} {[%emt 00:06:44]} c6 {[%clk
01:14:55]} {[%emt 00:00:12]} 17. Rxa5 {[%clk 00:48:50]} {[%emt 00:01:40]} bxa5
{[%emt 00:00:16]} 18. Ba4 {[%clk 00:47:59]} {[%emt 00:01:19]} Rhe8 {[%clk
01:15:27]} {[%emt 00:00:13]} 19. Qb3 {[%clk 00:47:25]} {[%emt 00:01:04]} Rd7
{[%clk 01:15:47]} {[%emt 00:00:11]} 20. Kh1 {[%clk 00:47:05]} {[%emt 00:00:45]}
exf3 {[%clk 01:15:44]} {[%emt 00:00:37]} 21. Bxc6 {[%clk 00:40:50]} {[%emt
00:06:45]} fxg2+ {[%clk 01:16:09]} {[%emt 00:00:06]} 22. Kxg2 {[%clk 00:39:52]}
{[%emt 00:01:25]} Qxe2+ {[%clk 01:16:04]} {[%emt 00:00:38]} 23. Rf2 {[%clk
00:38:31]} {[%emt 00:01:50]} Qg4+ {[%clk 01:16:26]} {[%emt 00:00:09]} 24. Kf1
{[%clk 00:38:13]} {[%emt 00:00:47]} Qh3+ {[%clk 01:16:45]} {[%emt 00:00:12]}
25. Rg2 {[%clk 00:37:09]} {[%emt 00:01:32]} Qf3+ {[%clk 01:17:08]} {[%emt
00:00:08]} 0-1

[Event "DEM U10 2021"]
[Site "Willingen GER"]
[Date "2021.08.26"]
[Round "6"]
[White "Chua, Daniel James"]
[Black "Wartenberg, Alexander"]
[Result "1/2-1/2"]
[Termination "normal"]
[Board "7"]
[WhiteElo "1434"]
[BlackElo "1424"]
[WhiteClock "00:32:52"]
[BlackClock "00:49:08"]
[PlyCount "60"]
[WhiteFideId "34608354"]
[BlackFideId "16280768"]
[EventCountry "GER"]
[EventRounds "11"]
[EventType "swiss"]
[EventDate "2021.08.22"]

1. e4 {[%clk 01:15:59]} e5 {[%clk 01:15:56]} {[%emt 00:00:04]} 2. d4 {[%clk
01:16:15]} {[%emt 00:00:13]} exd4 {[%clk 01:16:22]} {[%emt 00:00:05]} 3. c3
{[%clk 01:16:40]} {[%emt 00:00:05]} dxc3 {[%clk 01:16:48]} {[%emt 00:00:04]} 4.
Bc4 {[%clk 01:17:04]} {[%emt 00:00:06]} d6 {[%clk 01:16:42]} {[%emt 00:00:36]}
5. Nxc3 {[%clk 01:17:22]} {[%emt 00:00:11]} Nf6 {[%clk 01:16:58]} {[%emt
00:00:11]} 6. Bg5 {[%clk 01:09:50]} {[%emt 00:08:05]} Nc6 {[%clk 01:16:42]}
{[%emt 00:00:47]} 7. Nf3 {[%clk 01:04:08]} {[%emt 00:06:10]} Bg4 {[%clk
01:16:37]} {[%emt 00:00:25]} 8. O-O {[%clk 01:02:15]} {[%emt 00:02:33]} Be7
{[%clk 01:16:49]} {[%emt 00:00:19]} 9. h3 {[%clk 01:01:31]} {[%emt 00:01:14]}
Bh5 {[%clk 01:16:31]} {[%emt 00:00:48]} 10. Qd3 {[%clk 00:56:07]} {[%emt
00:05:53]} O-O {[%clk 01:16:16]} {[%emt 00:00:47]} 11. Bb3 {[%clk 00:48:44]}
{[%emt 00:07:52]} Qd7 {[%clk 01:11:18]} {[%emt 00:05:27]} 12. Nh4 {[%clk
00:47:47]} {[%emt 00:01:27]} Ne5 {[%clk 01:09:50]} {[%emt 00:01:59]} 13. Qg3
{[%clk 00:47:52]} {[%emt 00:00:25]} Bg6 {[%clk 01:08:48]} {[%emt 00:01:32]} 14.
Nxg6 {[%clk 00:47:47]} {[%emt 00:00:33]} Nxg6 {[%clk 01:08:45]} {[%emt
00:00:35]} 15. Bxf6 {[%clk 00:40:09]} {[%emt 00:08:07]} Bxf6 {[%clk 01:08:46]}
{[%emt 00:00:29]} 16. f4 {[%clk 00:37:30]} {[%emt 00:03:09]} Bd4+ {[%clk
01:06:28]} {[%emt 00:02:49]} 17. Kh1 {[%clk 00:36:01]} {[%emt 00:01:59]} Rae8
{[%clk 01:01:38]} {[%emt 00:05:21]} 18. f5 {[%clk 00:35:48]} {[%emt 00:00:43]}
Ne7 {[%clk 00:53:33]} {[%emt 00:08:34]} 19. f6 {[%clk 00:35:51]} {[%emt
00:00:27]} Ng6 {[%clk 00:53:34]} {[%emt 00:00:30]} 20. fxg7 {[%clk 00:35:58]}
{[%emt 00:00:22]} Bxg7 {[%clk 00:53:22]} {[%emt 00:00:41]} 21. Nd5 {[%clk
00:34:28]} {[%emt 00:02:01]} c6 {[%clk 00:53:00]} {[%emt 00:00:52]} 22. Nf6+
{[%clk 00:34:50]} {[%emt 00:00:07]} Bxf6 {[%clk 00:53:20]} {[%emt 00:00:11]}
23. Rxf6 {[%clk 00:35:19]} {[%emt 00:00:01]} Qe7 {[%clk 00:46:27]} {[%emt
00:07:23]} 24. Rxg6+ {[%clk 00:34:28]} {[%emt 00:01:21]} hxg6 {[%clk 00:46:42]}
{[%emt 00:00:15]} 25. Qxg6+ {[%clk 00:34:54]} {[%emt 00:00:04]} Kh8 {[%clk
00:47:06]} {[%emt 00:00:06]} 26. Qh6+ {[%clk 00:35:17]} {[%emt 00:00:08]} Kg8
{[%clk 00:47:23]} {[%emt 00:00:13]} 27. Qg6+ {[%clk 00:31:56]} {[%emt
00:03:50]} Kh8 {[%clk 00:47:47]} {[%emt 00:00:06]} 28. Qh6+ {[%clk 00:32:17]}
{[%emt 00:00:10]} Kg8 {[%clk 00:48:13]} {[%emt 00:00:04]} 29. Qg6+ {[%clk
00:32:32]} {[%emt 00:00:15]} Kh8 {[%clk 00:48:39]} {[%emt 00:00:04]} 30. Qh6+
{[%clk 00:32:52]} {[%emt 00:00:09]} Kg8 {[%clk 00:49:08]} 1/2-1/2

[Event "DEM U10 2021"]
[Site "Willingen GER"]
[Date "2021.08.26"]
[Round "6"]
[White "Mandalka, Justus"]
[Black "Vranckx, Oscar"]
[Result "1-0"]
[Termination "normal"]
[Board "8"]
[WhiteElo "1440"]
[BlackElo "1300"]
[WhiteClock "00:47:56"]
[BlackClock "00:50:18"]
[PlyCount "93"]
[WhiteFideId "16298144"]
[BlackFideId "34608788"]
[EventCountry "GER"]
[EventRounds "11"]
[EventType "swiss"]
[EventDate "2021.08.22"]

1. e4 {[%clk 01:15:57]} {[%emt 00:00:02]} c5 {[%clk 01:15:50]} {[%emt
00:00:11]} 2. Nf3 {[%clk 01:16:21]} {[%emt 00:00:05]} Nc6 {[%clk 01:16:00]}
{[%emt 00:00:19]} 3. d4 {[%clk 01:16:44]} {[%emt 00:00:08]} cxd4 {[%clk
01:15:56]} {[%emt 00:00:34]} 4. Nxd4 {[%clk 01:17:09]} {[%emt 00:00:06]} e5
{[%clk 01:15:51]} {[%emt 00:00:34]} 5. Nb5 {[%clk 01:17:33]} {[%emt 00:00:07]}
d6 {[%clk 01:16:10]} {[%emt 00:00:11]} 6. N1c3 {[%clk 01:17:56]} {[%emt
00:00:06]} a6 {[%clk 01:16:09]} {[%emt 00:00:31]} 7. Na3 {[%clk 01:18:18]}
{[%emt 00:00:08]} Be7 {[%clk 01:16:18]} {[%emt 00:00:21]} 8. Nc4 {[%clk
01:18:33]} {[%emt 00:00:15]} b5 {[%clk 01:13:27]} {[%emt 00:03:21]} 9. Ne3
{[%clk 01:18:55]} {[%emt 00:00:08]} Nf6 {[%clk 01:12:41]} {[%emt 00:01:15]} 10.
g3 {[%clk 01:19:02]} {[%emt 00:00:24]} b4 {[%clk 01:12:23]} {[%emt 00:00:49]}
11. Ncd5 {[%clk 01:18:51]} {[%emt 00:00:41]} Be6 {[%clk 01:11:34]} {[%emt
00:01:19]} 12. Bg2 {[%clk 01:19:01]} {[%emt 00:00:19]} Rc8 {[%clk 01:11:13]}
{[%emt 00:00:51]} 13. O-O {[%clk 01:19:00]} {[%emt 00:00:31]} O-O {[%clk
01:10:58]} {[%emt 00:00:45]} 14. f4 {[%clk 01:18:26]} {[%emt 00:01:04]} Nd7
{[%clk 01:09:15]} {[%emt 00:02:14]} 15. Nxe7+ {[%clk 01:16:18]} {[%emt
00:02:37]} Nxe7 {[%clk 01:07:43]} {[%emt 00:02:02]} 16. Qxd6 {[%clk 01:16:35]}
{[%emt 00:00:13]} Rc6 {[%clk 01:06:33]} {[%emt 00:01:40]} 17. Qxb4 {[%clk
01:16:13]} {[%emt 00:00:52]} Re8 {[%clk 01:04:40]} {[%emt 00:02:23]} 18. f5
{[%clk 01:16:00]} {[%emt 00:00:43]} Bc4 {[%clk 01:01:39]} {[%emt 00:03:32]} 19.
Nxc4 {[%clk 01:15:22]} {[%emt 00:01:07]} a5 {[%clk 00:59:53]} {[%emt 00:02:17]}
20. Qc3 {[%clk 01:15:03]} {[%emt 00:00:49]} Nf6 {[%clk 00:56:18]} {[%emt
00:04:04]} 21. b3 {[%clk 01:13:27]} {[%emt 00:02:06]} Rc8 {[%clk 00:54:01]}
{[%emt 00:02:48]} 22. Bg5 {[%clk 01:11:01]} {[%emt 00:02:55]} Nd7 {[%clk
00:53:08]} {[%emt 00:01:22]} 23. Bxe7 {[%clk 01:09:52]} {[%emt 00:01:40]} Qxe7
{[%clk 00:53:12]} {[%emt 00:00:26]} 24. Qxa5 {[%clk 01:09:41]} {[%emt
00:00:41]} Nb8 {[%clk 00:52:24]} {[%emt 00:01:13]} 25. Qd2 {[%clk 01:05:25]}
{[%emt 00:04:51]} Red8 {[%clk 00:52:27]} {[%emt 00:00:27]} 26. Qc1 {[%clk
01:03:28]} {[%emt 00:02:28]} Nc6 {[%clk 00:52:29]} {[%emt 00:00:27]} 27. Ne3
{[%clk 01:02:41]} {[%emt 00:01:16]} Nd4 {[%clk 00:52:47]} {[%emt 00:00:15]} 28.
Rf2 {[%clk 01:00:29]} {[%emt 00:02:40]} Qc5 {[%clk 00:52:56]} {[%emt 00:00:22]}
29. c4 {[%clk 01:00:40]} {[%emt 00:00:19]} Ra8 {[%clk 00:52:07]} {[%emt
00:01:19]} 30. h3 {[%clk 01:00:10]} {[%emt 00:01:00]} Nxb3 {[%clk 00:51:42]}
{[%emt 00:00:55]} 31. axb3 {[%clk 01:00:12]} {[%emt 00:00:28]} Rxa1 {[%clk
00:51:59]} {[%emt 00:00:13]} 32. Qxa1 {[%clk 01:00:36]} {[%emt 00:00:06]} Qxe3
{[%clk 00:52:17]} {[%emt 00:00:12]} 33. Qxe5 {[%clk 00:59:14]} {[%emt
00:01:51]} h6 {[%clk 00:52:15]} {[%emt 00:00:33]} 34. b4 {[%clk 00:57:03]}
{[%emt 00:02:41]} Qc1+ {[%clk 00:51:55]} {[%emt 00:00:50]} 35. Bf1 {[%clk
00:56:45]} {[%emt 00:00:48]} Qa3 {[%clk 00:51:39]} {[%emt 00:00:46]} 36. b5
{[%clk 00:56:26]} {[%emt 00:00:49]} Kh7 {[%clk 00:51:23]} {[%emt 00:00:46]} 37.
f6 {[%clk 00:54:48]} {[%emt 00:02:09]} Rg8 {[%clk 00:50:20]} {[%emt 00:01:30]}
38. Kg2 {[%clk 00:52:20]} {[%emt 00:02:59]} Qe3 {[%clk 00:49:37]} {[%emt
00:01:14]} 39. Qf4 {[%clk 00:50:23]} {[%emt 00:02:28]} Qa7 {[%clk 00:49:27]}
{[%emt 00:00:39]} 40. c5 {[%clk 00:48:27]} {[%emt 00:02:26]} g6 {[%clk
00:49:12]} {[%emt 00:00:44]} 41. b6 {[%clk 00:48:42]} {[%emt 00:00:17]} Qb7
{[%clk 00:49:29]} {[%emt 00:00:12]} 42. Qc7 {[%clk 00:48:32]} {[%emt 00:00:40]}
Qxe4+ {[%clk 00:49:51]} {[%emt 00:00:08]} 43. Kh2 {[%clk 00:48:28]} {[%emt
00:00:34]} Qe3 {[%clk 00:50:01]} {[%emt 00:00:19]} 44. Qxf7+ {[%clk 00:47:45]}
{[%emt 00:01:14]} Kh8 {[%clk 00:50:23]} {[%emt 00:00:08]} 45. Rc2 {[%clk
00:47:29]} {[%emt 00:00:46]} Qe4 {[%clk 00:50:28]} {[%emt 00:00:25]} 46. Qc4
{[%clk 00:47:44]} {[%emt 00:00:15]} Qf5 {[%clk 00:50:18]} {[%emt 00:00:41]} 47.
b7 {[%clk 00:47:56]} {[%emt 00:00:18]} 1-0

[Event "DEM U10 2021"]
[Site "Willingen GER"]
[Date "2021.08.26"]
[Round "6"]
[White "Bundan, Edward"]
[Black "Rohatgi, Kushagra"]
[Result "1-0"]
[Termination "normal"]
[Board "9"]
[WhiteElo "1236"]
[BlackElo "1473"]
[WhiteClock "00:22:57"]
[BlackClock "00:23:38"]
[PlyCount "107"]
[WhiteFideId "34603042"]
[BlackFideId "34603212"]
[EventCountry "GER"]
[EventRounds "11"]
[EventType "swiss"]
[EventDate "2021.08.22"]

1. e4 {[%clk 01:15:56]} {[%emt 00:00:03]} e5 {[%clk 01:15:55]} {[%emt
00:00:05]} 2. Nf3 {[%clk 01:16:13]} {[%emt 00:00:14]} Nc6 {[%clk 01:16:18]}
{[%emt 00:00:08]} 3. Bc4 {[%clk 01:16:15]} {[%emt 00:00:26]} Bc5 {[%clk
01:16:36]} {[%emt 00:00:12]} 4. d3 {[%clk 01:16:18]} {[%emt 00:00:28]} Nf6
{[%clk 01:16:51]} {[%emt 00:00:14]} 5. c3 {[%clk 01:15:28]} {[%emt 00:01:21]}
h6 {[%clk 01:16:11]} {[%emt 00:01:10]} 6. a4 {[%clk 01:15:13]} {[%emt
00:00:45]} a6 {[%clk 01:15:51]} {[%emt 00:00:50]} 7. h3 {[%clk 01:14:24]}
{[%emt 00:01:17]} O-O {[%clk 01:16:09]} {[%emt 00:00:13]} 8. O-O {[%clk
01:14:06]} {[%emt 00:00:48]} d6 {[%clk 01:16:04]} {[%emt 00:00:35]} 9. b4
{[%clk 01:13:54]} {[%emt 00:00:43]} Ba7 {[%clk 01:15:53]} {[%emt 00:00:41]} 10.
Be3 {[%clk 01:13:04]} {[%emt 00:01:19]} Be6 {[%clk 01:15:40]} {[%emt 00:00:40]}
11. Nbd2 {[%clk 01:12:28]} {[%emt 00:01:09]} Qd7 {[%clk 01:15:23]} {[%emt
00:00:47]} 12. Re1 {[%clk 01:09:36]} {[%emt 00:03:19]} Rfe8 {[%clk 01:13:03]}
{[%emt 00:02:53]} 13. Bb3 {[%clk 01:08:35]} {[%emt 00:03:26]} Bxe3 {[%clk
01:11:40]} {[%emt 00:00:58]} 14. fxe3 {[%clk 01:08:20]} {[%emt 00:00:44]} d5
{[%clk 01:09:50]} {[%emt 00:02:21]} 15. exd5 {[%clk 01:06:37]} {[%emt
00:02:14]} Bxd5 {[%clk 01:06:50]} {[%emt 00:03:30]} 16. Qc2 {[%clk 01:00:40]}
{[%emt 00:06:27]} Bxb3 {[%clk 01:06:20]} {[%emt 00:01:00]} 17. Nxb3 {[%clk
00:59:53]} {[%emt 00:01:16]} b6 {[%clk 01:01:17]} {[%emt 00:05:35]} 18. d4
{[%clk 00:55:17]} {[%emt 00:04:57]} exd4 {[%clk 01:00:34]} {[%emt 00:01:21]}
19. Nfxd4 {[%clk 00:54:07]} {[%emt 00:01:39]} Nxd4 {[%clk 01:00:06]} {[%emt
00:00:58]} 20. Nxd4 {[%clk 00:53:55]} {[%emt 00:00:42]} Nd5 {[%clk 00:59:26]}
{[%emt 00:01:10]} 21. Qd3 {[%clk 00:50:02]} {[%emt 00:04:20]} Qd6 {[%clk
00:56:32]} {[%emt 00:03:26]} 22. Rad1 {[%clk 00:48:11]} {[%emt 00:02:21]} Rad8
{[%clk 00:55:47]} {[%emt 00:01:15]} 23. e4 {[%clk 00:39:24]} {[%emt 00:09:18]}
Nf4 {[%clk 00:54:53]} {[%emt 00:01:24]} 24. Qf3 {[%clk 00:37:08]} {[%emt
00:02:42]} Qf6 {[%clk 00:52:33]} {[%emt 00:02:54]} 25. Nf5 {[%clk 00:33:29]}
{[%emt 00:04:09]} Rxd1 {[%emt 00:06:40]} 26. Rxd1 {[%emt 00:00:37]} Qe5 {[%clk
00:44:31]} {[%emt 00:01:08]} 27. Rf1 {[%clk 00:30:50]} {[%emt 00:02:55]} Ng6
{[%clk 00:42:23]} {[%emt 00:02:58]} 28. Nd4 {[%clk 00:27:35]} {[%emt 00:03:38]}
Qe7 {[%clk 00:39:45]} {[%emt 00:03:15]} 29. Qf5 {[%emt 00:07:41]} Qxe4 {[%clk
00:37:04]} {[%emt 00:01:51]} 30. Qxf7+ {[%clk 00:21:54]} {[%emt 00:00:20]} Kh8
{[%clk 00:34:16]} {[%emt 00:03:18]} 31. Nf5 {[%clk 00:21:41]} {[%emt 00:00:42]}
Qe5 {[%clk 00:31:40]} {[%emt 00:03:08]} 32. Qxg6 {[%clk 00:21:53]} {[%emt
00:00:18]} Rf8 {[%clk 00:30:00]} {[%emt 00:02:11]} 33. c4 {[%clk 00:18:56]}
{[%emt 00:03:25]} Qf6 {[%clk 00:28:25]} {[%emt 00:02:06]} 34. Qxf6 {[%clk
00:18:23]} {[%emt 00:01:03]} Rxf6 {[%clk 00:28:10]} {[%emt 00:00:45]} 35. Ne3
{[%clk 00:18:38]} {[%emt 00:00:15]} Re6 {[%clk 00:28:08]} {[%emt 00:00:31]} 36.
Nd5 {[%clk 00:18:56]} {[%emt 00:00:14]} Rc6 {[%clk 00:26:32]} {[%emt 00:02:05]}
37. Rf4 {[%clk 00:18:43]} {[%emt 00:00:43]} g5 {[%clk 00:25:41]} {[%emt
00:01:21]} 38. Re4 {[%clk 00:18:50]} {[%emt 00:00:23]} Kg7 {[%clk 00:24:47]}
{[%emt 00:01:24]} 39. Re7+ {[%clk 00:19:06]} {[%emt 00:00:15]} Kf8 {[%clk
00:22:47]} {[%emt 00:02:29]} 40. Rxc7 {[%clk 00:19:25]} {[%emt 00:00:12]} Rxc7
{[%clk 00:22:58]} {[%emt 00:00:19]} 41. Nxc7 {[%clk 00:19:49]} {[%emt
00:00:06]} a5 {[%clk 00:22:57]} {[%emt 00:00:50]} 42. b5 {[%clk 00:20:01]}
{[%emt 00:00:18]} Kf7 {[%clk 00:21:47]} {[%emt 00:01:39]} 43. Nd5 {[%clk
00:20:24]} {[%emt 00:00:07]} Ke6 {[%clk 00:22:06]} {[%emt 00:00:12]} 44. Nxb6
{[%clk 00:20:50]} {[%emt 00:00:04]} Kd6 {[%clk 00:22:21]} {[%emt 00:00:15]} 45.
Nd5 {[%clk 00:20:35]} {[%emt 00:00:45]} Kd7 {[%clk 00:21:57]} {[%emt 00:00:53]}
46. c5 {[%clk 00:20:29]} {[%emt 00:00:36]} Kc8 {[%clk 00:21:44]} {[%emt
00:00:43]} 47. c6 {[%clk 00:20:50]} {[%emt 00:00:09]} Kb8 {[%clk 00:22:04]}
{[%emt 00:00:09]} 48. b6 {[%clk 00:21:14]} {[%emt 00:00:07]} Kc8 {[%clk
00:22:24]} {[%emt 00:00:10]} 49. c7 {[%clk 00:21:34]} {[%emt 00:00:11]} Kb7
{[%clk 00:22:45]} {[%emt 00:00:08]} 50. Ne7 {[%clk 00:21:55]} {[%emt 00:00:09]}
Kxb6 {[%clk 00:23:01]} {[%emt 00:00:15]} 51. c8=Q {[%clk 00:22:16]} {[%emt
00:00:08]} Ka7 {[%clk 00:23:22]} {[%emt 00:00:09]} 52. Qc7+ {[%clk 00:22:36]}
{[%emt 00:00:11]} Ka6 {[%clk 00:23:38]} {[%emt 00:00:13]} 53. Nd5 {[%clk
00:22:57]} {[%emt 00:00:10]} g4 {[%emt 00:00:16]} 54. Qb6# {[%emt 00:00:05]}
1-0